01057nas a2200265 4500001001300000003000900013005001700022007000300039008003400042040005400076041000900130072001300139100001900152100001500171100002000186245017100206650002100377650001700398650002900415773011700444909004000561942001800601999001900619952015300638BR2010001863BR-BrBNA20231205114220.0ta230509b bl.|||p| |||| 00| 00por d aBR-BrBNAbporcBiblioteca Nacional de Agricultura a(Pt) aF60; E501 aCorrea, A.J.C.1 aLima, C.E.1 aCosta, M.C.C.D.1 aAlpinia zerumbet (Pers.)B.L. Burtt e R.M. Sm. (Zingiberaceae): levantamento de publicações na áreas farmacológicas e química para o período de 1987 a 2008 aPLANTA MEDICINAL aFARMACOLOGIA aCOMPOSIÇÃO QUÍMICA0 tRevista Brasileira de Plantas Medicinais (Brazil)xISSN 1516-0572g(Feb 2010), v. 12(1) p. 113-119wBR2010001863 a202311bLúciac55dLúcia Elande 2AGRISn0cANA c207645d207645 002AGRIS4071a41918b41918cPeriódicos Agrícolash(Feb 2010), v. 12(1) p. 113-119l0r2023-11-29t01yCRePortaria Interministerial nº 164/94